Statistics for Boys and Girls in the Answer

Click here to take the quiz!

General Stats

  • This quiz has been taken 502 times
    (352 since last reset)
  • The average score is 13 of 22

Answer Stats

ClueAnswer% Correct
"Wannabe" girl groupSpice Girls
92%
Term for a boyish girlTomboy
91%
Men's magazine founded
by Hugh Hefner
Playboy
86%
They "want it that way"Backstreet Boys
76%
Lead singer of "Culture Club"Boy George
73%
Four older women share one houseThe Golden Girls
73%
Whatcha gonna do when they
come for you?
Bad Boys
69%
Madonna song or her nicknameMaterial Girl
66%
Thriller casting Ben Affleck
and Rosamund Pike
Gone Girl
60%
"That is so fetch!"Mean Girls
57%
"Wouldn't It Be Nice"The Beach Boys
57%
Dallas NFL team nicknamed
"America's Team"
Cowboys
52%
Code name of the atomic bomb
dropped on Hiroshima
Little Boy
52%
Gwen Stefani's top hitHollaback Girl
46%
Girl from San FernandoValley Girl
46%
Most iconic artwork of
Jan Vermeer
Girl with a
Pearl Earring
45%
Venturing is one of its core programsBoy Scouts
41%
Most famous of Stieg Larsson's
Millennium series
The Girl with the
Dragon Tattoo
40%
Most famous TV show set
in Connecticut
Gilmore Girls
39%
Exclamation of encouragementAttaboy
33%
Electrician film crew memberBest Boy
31%
Banksy's most famous artworkBalloon Girl
24%

Score Distribution

Percentile by Number Answered

Percent of People with Each Score

Your Score History

You have not taken this quiz since the last reset